| 000 | 00649nam a22001817a 4500 | ||
|---|---|---|---|
| 005 | 20241105142633.0 | ||
| 008 | 241024b |||||||| |||| 00| 0 eng d | ||
| 020 | _a9780443184703 | ||
| 082 | _aDC 004.21 H396 2024 | ||
| 100 |
_aHenschen, Lawrence J. _963442 |
||
| 245 |
_aEmbedded system design : _bmethodologies and issues / _cLawrence J. Henschen and Julia C. Lee. |
||
| 260 |
_aUnited States : _bElsevier Inc., _c©2024. |
||
| 300 |
_axviii, 513 pages : _billustrations (some color) ; _c23 cm. |
||
| 500 | _aIncludes index. | ||
| 650 | 0 |
_aEmbedded computer systems _xDesign. _963620 |
|
| 700 |
_aLee, Julia C. _963444 _eauthor. |
||
| 942 |
_2ddc _cDC |
||
| 999 |
_c22899 _d22899 |
||